Cuarta Bienal Internacional del Cartel en México = Fourth International Biennial of the Poster in Mexico = Quatrième Biennale Internationale de l'Affiche au Mexique : programa de actividades /

I tiakina i:
Ngā taipitopito rārangi puna kōrero
Kaituhi rangatōpū: Bienal Internacional del Cartel en México
Hōputu: Mauhanga Hui Pukapuka
Reo:Pāniora
I whakaputaina: México : Aguascalientes, México : CONACULTA : Fondo Nacional para la Cultura y las Artes ; Gobierno del Estado de Aguascalientes, 1996, c1996
Ngā marau:
Ngā Tūtohu: Tāpirihia he Tūtohu
Kāore He Tūtohu, Me noho koe te mea tuatahi ki te tūtohu i tēnei pūkete!

MARC

LEADER 00000nam^a2200000^a^4500
001 000384958
005 20250521000000.0
009 20260310120919.062
037 |a Acervo ITESO - Biblioteca 
041 |a ESP 
082 |a 741. 674  |b BIE 1996 V. 2 
111 |a Bienal Internacional del Cartel en México (  |n 4a :  |d 1996) 
240 1 1 |a [Bienal Internacional del Cartel] 
245 1 0 |a Cuarta Bienal Internacional del Cartel en México =  |b Fourth International Biennial of the Poster in Mexico = Quatrième Biennale Internationale de l'Affiche au Mexique : programa de actividades /  |c Bienal Internacional del Cartel en México. 
264 4 |a México :  |b CONACULTA :  |b Fondo Nacional para la Cultura y las Artes ;  |a Aguascalientes, México :  |b Gobierno del Estado de Aguascalientes,  |c 1996, c1996 
300 |a 1 folleto (28 p.) 
336 |a texto  |b txt  |2 rdacontenido 
337 |a sin mediación  |b n  |2 rdamedio 
338 |a volumen  |b nc  |2 rdasoporte 
649 |a XX 
650 |a Carteles -  |z México -  |x Concursos -  |x Tema Principal 
650 |a Diseño Gráfico -  |y 1990-1999 
650 |a Diseño Gráfico -  |y Siglo XX 
650 |a Arte -  |z México -  |x Concursos 
650 |a Arte -  |y 1990-1999 
650 |a Arte -  |y Siglo XX 
650 |a Comunicación Visual 
910 |a Fondo General 
920 |a Impresos - Libros 
930 |a Reserva Especial 
905 |a 103 
901 |a 0500279273  |b IT1  |c REE  |i D64455  |u 20250521 
901 |a 0500279276  |b IT1  |c REE  |i D64454  |u 20250521 
902 |a https://opac.biblio.iteso.mx/vufind/Record/000384958